| 000 | 00406nam a2200145Ia 4500 | ||
|---|---|---|---|
| 008 | 230917s9999||||xx |||||||||||||| ||und|| | ||
| 040 |
_e61048 _aMAIN |
||
| 041 | _aEnglish | ||
| 082 | _a330.954 S64E | ||
| 100 | _aSinha, R K, ed | ||
| 245 | 0 | _aEconomic development and social change in India: essays in memory of Dr Ghyanchand | |
| 260 |
_aNew Delhi _bDeep & Deep _c1985 |
||
| 300 | _a328 p. | ||
| 942 | _cBK | ||
| 999 |
_c53169 _d53169 |
||